SOCIETY AND LAW (Record no. 217065)

MARC details
000 -LEADER
fixed length control field 00514nam a22001697a 4500
008 - FIXED-LENGTH DATA ELEMENTS--GENERAL INFORMATION
fixed length control field 260429b |||||||| |||| 00| 0 eng d
020 ## - INTERNATIONAL STANDARD BOOK NUMBER
International Standard Book Number 978-1-5381-0192-6
050 ## - LIBRARY OF CONGRESS CALL NUMBER
Classification number K 376 .H39 2020
100 ## - MAIN ENTRY--PERSONAL NAME
Personal name HAYDEN, KAREN E.
245 ## - TITLE STATEMENT
Title SOCIETY AND LAW
260 ## - PUBLICATION, DISTRIBUTION, ETC.
Place of publication, distribution, etc. LANHAM,
Name of publisher, distributor, etc. ROWMAN AND LITTLEFIELD.,
Date of publication, distribution, etc. 2020.
300 ## - PHYSICAL DESCRIPTION
Extent XIV, 377 P,ILL
500 ## - GENERAL NOTE
General note INCLUDES BIBLIOGRAPHICAL REFERENCES AND INDEX.
650 ## - SUBJECT ADDED ENTRY
Topical term or geographic name entry element 1. LAW- SOCIAL ASPECTS 2. SOCIOLOGICAL JURISRUDENCE.
942 ## - ADDED ENTRY ELEMENTS (KOHA)
Source of classification or shelving scheme Library of Congress Classification
Koha item type Long Loan Book
Holdings
Withdrawn status Lost status Source of classification or shelving scheme Damaged status Not for loan Collection Home library Current library Shelving location Date acquired Inventory number Total checkouts Full call number Barcode Date last seen Copy number Price effective from Koha item type
    Library of Congress Classification     Law Kisii University Library Kisii University Library On Display 04/29/2026 113265   K 376 .H39 2020 A001425 04/29/2026 1 04/29/2026 Long Loan Book